000
00322nam a2200109Ia 4500
008
200302s9999 xx 000 0 und d
100
_a
Simone K. schleifer
245
_a
1000 Living Details A complete Guide with Inspiring Ideas to Improve Home Decoration
260
_b
Loft Publishing
260
_c
2011
300
_a
295 P.,
999
_c
3065
_d
3065